[Event "RUS-ch (Women)"]
[Site "Elista"]
[Date "1998.04.23"]
[Round "2.2"]
[White "Zaitseva, Ludmila G"]
[Black "Dorofeeva, Anna"]
[Result "1-0"]
[WhiteElo "2370"]
[BlackElo "2345"]
[PlyCount "85"]
[EventDate "1998.04.20"]
[EventType "k.o."]
[EventRounds "5"]
[EventCountry "RUS"]
[SourceTitle "CBM 064 Extra"]
[Source "ChessBase"]
[SourceDate "1998.07.07"]
[SourceVersion "1"]
[SourceVersionDate "1998.07.07"]
[SourceQuality "1"]

1. d4 d5 2. Bf4 Nf6 3. e3 e6 4. Nd2 Be7 5. Bd3 b6 6. c3 Bb7 7. h3 Nbd7 8. Ngf3 0-0 9. Qb1 Re8 10. Ne5 c5 11. 0-0 Rf8 12. Bg3 g6 13. f4 Nh5 14. Bh2 f5 15. g4 Nhf6 16. Qd1 Ne4 17. Nxe4 fxe4 18. Nxd7 Qxd7 19. Be2 Bc6 20. Bg3 Bb5 21. Rf2 Rac8 22. Qf1 Bxe2 23. Qxe2 cxd4 24. cxd4 Qa4 25. b3 Qb4 26. Raf1 Rc3 27. Rd1 Rfc8 28. h4 Bf6 29. f5 exf5 30. gxf5 Qe7 31. fxg6 hxg6 32. Qg4 Bg7 33. Qxg6 R8c6 34. Qg4 Rxe3 35. Be5 Kh7 36. Qf5+ Kh8 37. Qh5+ Kg8 38. Rg2 Rcc3 39. Bxg7 Rg3 40. Be5 Rxg2+ 41. Kxg2 Qe6 42. Qh8+ Kf7 43. Rf1+ 1-0

[Event "RUS-ch (Women)"]
[Site "Elista"]
[Date "1998.04.21"]
[Round "1.3"]
[White "Dorofeeva, Anna"]
[Black "Zatulovskaya, Tatiana"]
[Result "1-0"]
[WhiteElo "2345"]
[BlackElo "2190"]
[PlyCount "45"]
[EventDate "1998.04.20"]
[EventType "k.o."]
[EventRounds "5"]
[EventCountry "RUS"]
[SourceTitle "CBM 064 Extra"]
[Source "ChessBase"]
[SourceDate "1998.07.07"]
[SourceVersion "1"]
[SourceVersionDate "1998.07.07"]
[SourceQuality "1"]

1. e4 c5 2. d3 Nc6 3. g3 e5 4. Bg2 Nf6 5. Nf3 Be7 6. 0-0 d6 7. Ne1 0-0 8. f4 exf4 9. gxf4 Bg4 10. Nf3 Qd7 11. Nc3 Rae8 12. Ne2 Nh5 13. Ng3 Nxg3 14. hxg3 f5 15. exf5 Qxf5 16. Be3 Bf6 17. Bf2 Qh5 18. c3 Kh8 19. d4 cxd4 20. cxd4 d5 21. Qd3 Bf5 22. Qd2 Be4 23. Ne5 1-0

[Event "RUS-Cup02"]
[Site "Moscow"]
[Date "1998.??.??"]
[Round "9"]
[White "Dorofeeva, Anna"]
[Black "Gavritenkov, Sergei"]
[Result "1-0"]
[WhiteElo "2345"]
[BlackElo "2245"]
[PlyCount "113"]
[EventDate "1998.01.21"]
[EventType "swiss"]
[EventRounds "9"]
[EventCountry "RUS"]
[SourceTitle "EXT 1999"]
[Source "ChessBase"]
[SourceDate "1998.11.16"]
[SourceVersion "1"]
[SourceVersionDate "1998.11.16"]
[SourceQuality "1"]

1. e4 e5 2. Nf3 Nc6 3. d4 exd4 4. Nxd4 Qh4 5. Nc3 Bb4 6. Be2 Qxe4 7. Ndb5 Bxc3+ 8. bxc3 Kd8 9. 0-0 a6 10. Nd4 Nxd4 11. cxd4 Nf6 12. Bg5 d6 13. Rb1 Ra7 14. Qd2 h6 15. Bxf6+ gxf6 16. Bf3 Qg6 17. Rfe1 Qg5 18. Qe2 f5 19. c4 Bd7 20. Rxb7 Rxb7 21. Bxb7 Re8 22. Qd1 Rxe1+ 23. Qxe1 a5 24. Bf3 Qf6 25. Qd2 a4 26. g3 a3 27. Qe3 f4 28. Qxa3 Qxd4 29. Qa8+ Ke7 30. Qe4+ Qxe4 31. Bxe4 fxg3 32. fxg3 Kf6 33. Kf2 Ke5 34. Ke3 Ba4 35. Kd3 f6 36. Bf3 c6 37. Kc3 d5 38. Kb4 Bc2 39. a4 Kd6 40. cxd5 cxd5 41. a5 Bd3 42. Kc3 Ba6 43. Kd4 Bb7 44. Be2 Bc6 45. Ba6 Ba8 46. Bb5 Bb7 47. h3 Bc8 48. h4 Bb7 49. a6 Bc8 50. h5 f5 51. a7 Bb7 52. Ba6 Ba8 53. Bc8 f4 54. gxf4 Kc7 55. Be6 Kd6 56. Bg4 Bb7 57. Bf3 1-0